LDR 01318naa#a2200217#i#450# 001 RU\\bibl\19315 005 20260418174131.6 100 ## _a20260417b2026####ek#y0rusy0150####ca 102 ## _aRU 200 1# _aСОВРЕМЕННЫЕ АСПЕКТЫ РАЗВИТИЯ И ВНЕДРЕНИЯ ИНТЕЛЛЕКТУАЛЬНЫХ ТРАНСПОРТНЫХ СИСТЕМ: МНОГОУРОВНЕВЫЙ АНАЛИЗ ПРЕИМУЩЕСТВ И ВЫЗОВОВ _eСтатья/тезисы конференции 210 1# _aВоронеж _cВоронежский государственный лесотехнический университет имени Г.Ф. Морозова _d2026 215 ## _a6 с. 608 ## _aСтатья/тезисы конференции _2local 675 ## _aМеталлизация плазменным распылением (плазменная металлизация). 621.793.74 _aплазменной струей. Плазменная наплавка. 621.791.927.55 _z 700 #1 _aПаринов _gН. Н. 700 #1 _aЛихачев _gДмитрий Валерьевич 700 #1 _aАртемов _gАлександр Юрьевич 700 #1 _aЧирков _gЕ. В. 700 #1 _aФеофилова _gА. А. 700 #1 _aМаклакова _gЕлена Альбертовна 856 4# _abibl.vgltu.ru _u